| 000 | 00000nam##2200000za#4500 |
| 001 | 9.700172 |
| 003 | CaOODSP |
| 005 | 20210625000720 |
| 007 | cr ||||||||||| |
| 008 | 150407|2014||||xxc|||||o f|0| 0 eng|d |
| 020 | |a978-1-100-25459-3 |
| 040 | |aCaOODSP|beng |
| 043 | |an-cn--- |
| 086 | 1 |aA29-2/7-2014E-PDF |
| 110 | 1 |aCanada. |bAgriculture and Agri-Food Canada. |bOffice of Audit and Evaluation. |
| 245 | 10|aReport - evaluation of the Agricultural Greenhouse Gases Program |h[electronic resource] |
| 260 | |aOttawa - Ontario : |bAgriculture and Agri-Food Canada. |cc2014. |
| 300 | |a45p.|btables |
| 504 | |aBibliography. |
| 590 | |a15-12|b2015-03-20 |
| 775 | 08|tRapport - évaluation des gaz à effet de serre en agriculture |w(CaOODSP)9.644082 |
| 856 | 40|ahttp://publications.gc.ca|qPDF|s395 KB|uhttps://publications.gc.ca/collections/collection_2015/aac-aafc/A29-2-7-2014-eng.pdf |
| 986 | |aAAFC No. 12313E |